| 000 | 00759cam a22002292 4500 | ||
|---|---|---|---|
| 001 | 0000005701 | ||
| 005 | 20151217145825.0 | ||
| 008 | 070622s xx 000 0 eng d | ||
| 020 | _a1844071065 : | ||
| 040 |
_aKABU _cKABU |
||
| 050 | 0 |
_aQH75 _b.G74 |
|
| 100 | 1 |
_aGreer, David. _@0000156898 |
|
| 245 | 1 | 0 |
_aBlue genes : _bsharing and conserving the world's aquatic biodiversity / _cDavid Greer and Brian Harvey. |
| 260 |
_aLondon : _bEarthscan, _c2004. |
||
| 300 | _axiv, 231 p. | ||
| 650 | 0 |
_aAquatic genetic resources conservation _xGovertment policy. _@0000156899 |
|
| 700 | 1 |
_aHarvey, Brian. _@0000156900 |
|
| 908 | _a070622 | ||
| 950 | _@1 | ||
| 999 |
_c2957 _d2957 |
||